| 000 | 00856nam a2200193 a 4500 | ||
|---|---|---|---|
| 008 | 100126s1992 ||||||||||||||||| || u | ||
| 020 | _a185339100X | ||
| 050 | _aCTA(02) | ||
| 110 | _aTechnical Centre for Agricultural and Rural Cooperation (CTA) | ||
| 245 | 1 | 0 |
_aTools for agriculture: a guide to appropriate equipment for smallholder farmers.--4th ed. _cTechnical Centre for Agricultural and Rural Cooperation(CTA) |
| 250 | _a4 th ed. | ||
| 260 |
_aLondon: _bINTERMEDIATE TECHNOLOGY _c1992 |
||
| 300 | _aviii, 238p.: ill. | ||
| 350 | _a0.00 | ||
| 500 | _aIntroduction by Ian Carruthers and Marc Rodriguez | ||
| 650 | _aAGRICULTURE | ||
| 650 | _aAGRICULTURE--SUSTAINABLE DEVELOPMENT | ||
| 995 |
_D0.00 _FCBU-MAIN LIBRARY (Kitwe) _H1 _I0.00 _M1 _UAVAILABLE _WJan 26, 2010 _ZInternational Publications |
||
| 999 |
_c59969 _d59969 |
||